00839cam a22002291 4500001001300000003000400013005001700017008004100034010001700075035002000092040002600112042001200138050002400150060002200174100005100196245017000247260004900417300001000466410008800476504002800564999001700592med48000131 DLC20260227111609.0820626s1948 xx 000 0 eng  amed48000131  a(OCoLC)14662808 aDLCcDNLMdOCoLCdDLC apremarc00aRA11b.B177 no. 20300aW1bUN7392 no.2031 aVon Oettingen, W. F.q(Wolfgang Felix),d1888-14aThe toxicity and potential dangers of zinc phosphide and of hydrogen phosphide (phosphine);ba review of the nonsecret, nonconfidential and nonrestricted literature. a[Washington,bU.S. Govt. Print. Off.,c1948] a17 p.10aUnited States.bPublic Health Service.tPublic health reports.pSupplementvno. 203 a"References": p. 15-17. c38856d38856